| 000 | 00369nam a2200145Ia 4500 | ||
|---|---|---|---|
| 008 | 210210b2000 xxu||||| |||| 00| 0 eng d | ||
| 082 | _a300.72 GOOM | ||
| 100 | _aGOODE (William J) | ||
| 245 | _aMethods in social research. | ||
| 260 |
_a _bNot Mentioned _c2000 |
||
| 650 | _aSocial research | ||
| 690 | _aSocial Research | ||
| 700 | _aHATT (Paul K). | ||
| 906 | _a026794 | ||
| 999 |
_c78101 _d78101 |
||